[Event "Helsinki Chess Circuit"]
[Site "?"]
[Date "2001.02.15"]
[Round "4"]
[White "Van Hoolandt, Patrick"]
[Black "Nybaeck, Tomi"]
[Result "0-1"]
[WhiteElo "2211"]
[BlackElo "2211"]
[PlyCount "80"]
[EventDate "2001.02.12"]

1. c4 g6 2. g3 Bg7 3. Bg2 e5 4. Nc3 d6 5. d3 f5 6. e3 Nf6 7. Nge2 a5 8. Rb1 O-O
9. O-O c6 10. a3 Be6 11. b4 axb4 12. axb4 Nbd7 13. Bb2 Qc7 14. Qd2 d5 15. cxd5
cxd5 16. d4 e4 17. Nb5 Qb6 18. Nec3 Rfc8 19. Rfc1 Bf8 20. Ba1 Nb8 21. Bf1 Bd7
22. Qd1 Bxb5 23. Nxb5 Rxc1 24. Qxc1 Nc6 25. Bc3 Nd8 26. Qb2 Ne6 27. Qb3 g5 28.
Bd2 g4 29. Nc3 Rd8 30. h4 gxh3 31. Bxh3 Ng5 32. Bg2 Nf3+ 33. Bxf3 exf3 34. Kf1
Ne4 35. Ke1 Qh6 36. Kd1 Nxf2+ 37. Kc2 Ne4 38. Nxd5 Kh8 39. Rd1 f2 40. Qc4 Qe6
0-1

[Event "Helsinki Chess Circuit"]
[Site "?"]
[Date "2001.02.15"]
[Round "4"]
[White "Bergstroem, Rolf"]
[Black "Luukkonen, Tommi"]
[Result "0-1"]
[WhiteElo "2308"]
[BlackElo "2158"]
[PlyCount "52"]
[EventDate "2001.02.12"]

1. e4 c5 2. Nf3 d6 3. Bc4 Nf6 4. d3 Nc6 5. c3 g6 6. O-O Bg7 7. Bb3 O-O 8. Re1
Nd7 9. d4 b5 10. Bg5 a5 11. a4 bxa4 12. Bxa4 Bb7 13. Na3 h6 14. Bh4 cxd4 15.
cxd4 Nb4 16. Nc4 g5 17. Bxd7 Qxd7 18. Nb6 Qd8 19. Nxa8 gxh4 20. Nxh4 e6 21. Nc7
Qxh4 22. Rxa5 Bxe4 23. g3 Qd8 24. Ra7 Qb8 25. Qa4 Bc6 26. Qa5 Bxd4 0-1

[Event "Helsinki Chess Circuit ELO"]
[Site "?"]
[Date "2001.02.15"]
[Round "4"]
[White "Lardot, Derik"]
[Black "Turtiainen, Tauno"]
[Result "1/2-1/2"]
[WhiteElo "2054"]
[BlackElo "2000"]
[PlyCount "165"]
[EventDate "2001.02.12"]

1. e4 c5 2. c3 g6 3. Nf3 d6 4. d4 cxd4 5. Nxd4 Nf6 6. f3 Bg7 7. Be3 O-O 8. c4
a6 9. Nc3 e5 10. Nc2 Be6 11. Nb4 Ne8 12. Ncd5 Nd7 13. Be2 f5 14. Qb3 Qa5 15.
Nb6 Nef6 16. Nxa8 Rxa8 17. Rd1 Bf8 18. O-O f4 19. Bf2 Nh5 20. g4 fxg3 21. hxg3
Qd8 22. f4 exf4 23. Bxh5 Qg5 24. Nd5 gxh5 25. Nxf4 Bf7 26. Nd5 b5 27. cxb5 axb5
28. Qe3 Qg7 29. Qc3 Ra4 30. Bd4 Qg6 31. Rde1 Rxd4 32. Rxf7 Kxf7 33. Qxd4 Qxg3+
34. Kf1 Qh3+ 35. Ke2 Qg4+ 36. Kd3 Nc5+ 37. Kc2 Qg2+ 38. Qd2 Qg3 39. Qf4+ Qxf4
40. Nxf4 h4 41. b3 Kf6 42. b4 Nd7 43. Nd5+ Kg5 44. Rg1+ Kh5 45. Nf4+ Kh6 46.
Ne6 Be7 47. Rg7 h3 48. Rg3 Bh4 49. Rxh3 Kh5 50. Rd3 Kg4 51. Rxd6 Ne5 52. Rd5
Bg3 53. Rxb5 h5 54. Ng7 h4 55. Nf5 Nf3 56. Ne3+ Kf4 57. Kd3 Ne1+ 58. Ke2 Kxe4
59. Rh5 Nd3 60. Nd5 Nc1+ 61. Kd2 Nxa2 62. Kc2 Be5 63. Kb3 Nc1+ 64. Kc4 Bg3 65.
b5 Nd3 66. Nf6+ Ke3 67. b6 Ne5+ 68. Kd5 Nd3 69. Kc4 Ne5+ 70. Kb5 Nf7 71. Nd5+
Ke4 72. Nc7 Kf4 73. Rh8 Nd6+ 74. Ka6 Kf3 75. Ne8 Nxe8 76. Rxe8 h3 77. Rf8+ Kg2
78. b7 h2 79. Rh8 h1=Q 80. Rxh1 Kxh1 81. Ka7 Kg1 82. b8=Q Bxb8+ 83. Kxb8
1/2-1/2

[Event "Helsinki Chess Circuit ELO"]
[Site "?"]
[Date "2001.02.15"]
[Round "4"]
[White "Lako, Mika"]
[Black "Myllyniemi, Martti"]
[Result "1-0"]
[WhiteElo "2174"]
[BlackElo "2155"]
[PlyCount "81"]
[EventDate "2001.02.12"]

1. d4 Nf6 2. Nf3 g6 3. c4 Bg7 4. Nc3 O-O 5. e4 d6 6. Be2 c6 7. O-O Nbd7 8. Re1
Qc7 9. Bf1 e5 10. d5 a6 11. Bd2 Nh5 12. Rc1 Ndf6 13. b4 Bg4 14. h3 Bd7 15. Be3
b6 16. dxc6 Bxc6 17. Nd5 Bxd5 18. cxd5 Qb8 19. Nd2 a5 20. a3 axb4 21. axb4 Nd7
22. Bb5 Nhf6 23. Nc4 h6 24. f3 Rc8 25. Qd2 Kh7 26. Bc6 Ra6 27. Qf2 b5 28. Na5
Bf8 29. Qe2 Rb6 30. Bxb6 Qxb6+ 31. Qf2 Rb8 32. Bxd7 Nxd7 33. Rc6 Qd8 34. Rec1
Kg7 35. Ra6 Qg5 36. Rc7 Nf6 37. h4 Qh5 38. Raa7 g5 39. g4 Nxg4 40. fxg4 Qxg4+
41. Kh2 1-0

[Event "Helsinki Chess Circuit ELO"]
[Site "?"]
[Date "2001.02.15"]
[Round "4"]
[White "Tuovinen, Jukka"]
[Black "Ciuksyte, Zivile"]
[Result "1/2-1/2"]
[WhiteElo "2000"]
[BlackElo "2098"]
[PlyCount "77"]
[EventDate "2001.02.12"]

1. e4 c5 2. c3 Nf6 3. e5 Nd5 4. d4 cxd4 5. Qxd4 e6 6. Nf3 Nc6 7. Qe4 d6 8. Nbd2
dxe5 9. Nxe5 Nxe5 10. Qxe5 Qc7 11. Qxc7 Nxc7 12. Ne4 e5 13. f3 Be7 14. Be3 f5
15. Nd2 Be6 16. Bc4 Kf7 17. Bxe6+ Kxe6 18. O-O-O Nd5 19. Rhe1 Nxe3 20. Rxe3 Bg5
21. Re2 Rhd8 22. Kc2 Rac8 23. g3 Bxd2 24. Rexd2 Rxd2+ 25. Rxd2 Rc7 26. Rd8 Rd7
27. Rxd7 Kxd7 28. c4 Kc6 29. b4 Kb6 30. Kb3 Kc6 31. Kc3 Kd6 32. Kd3 Kc6 33. Ke3
Kd6 34. g4 g6 35. g5 Kc6 36. Kd3 Kd6 37. Ke3 Kc6 38. Kd3 Kd6 39. Ke3 1/2-1/2

[Event "Helsinki Chess Circuit"]
[Site "?"]
[Date "2001.02.16"]
[Round "5"]
[White "Luukkonen, Tommi"]
[Black "Molander, Riku"]
[Result "0-1"]
[WhiteElo "2158"]
[BlackElo "2314"]
[PlyCount "121"]
[EventDate "2001.02.12"]

1. d4 Nf6 2. c4 b6 3. Nc3 Bb7 4. Nf3 g6 5. d5 Bg7 6. e4 O-O 7. Bd3 d6 8. O-O
Nbd7 9. Re1 e5 10. Rb1 a5 11. a3 Nc5 12. Bc2 Bc8 13. b4 Nb7 14. Bg5 h6 15. Bh4
g5 16. Nxg5 hxg5 17. Bxg5 axb4 18. axb4 Qd7 19. Bxf6 Bxf6 20. Re3 Bg7 21. Rg3
f6 22. Qh5 Qf7 23. Qh4 Bd7 24. f4 Be8 25. Rh3 Qg6 26. Rf1 Bd7 27. f5 Qg5 28.
Qf2 Kf7 29. Rg3 Qh6 30. Rg6 Qh7 31. g3 Rh8 32. Bd1 Bh6 33. h4 Ke7 34. Bg4 Ra3
35. Qb2 Be3+ 36. Kg2 Rha8 37. Bd1 Be8 38. h5 Bd4 39. Qe2 Rxc3 40. Qg4 Ra2+ 41.
Kh3 Bf7 42. Rg7 Qh8 43. Qg6 Nd8 44. h6 Be3 45. h7 Bf4 46. Bf3 Bxg3 47. Qxg3
Raa3 48. Qg6 Rxf3+ 49. Rxf3 Rxf3+ 50. Kh2 Rf2+ 51. Kh3 Rf3+ 52. Kh2 Rf2+ 53.
Kh3 Kf8 54. Qxf6 Rg2 55. Qh6 Rxg7 56. f6 Qxh7 57. fxg7+ Kg8 58. Qxh7+ Kxh7 59.
g8=Q+ Bxg8 60. Kg4 Kg6 61. Kh4 0-1

[Event "Helsinki Chess Circuit"]
[Site "?"]
[Date "2001.02.16"]
[Round "5"]
[White "Kiik, Kalle"]
[Black "Van Hoolandt, Patrick"]
[Result "1/2-1/2"]
[WhiteElo "2450"]
[BlackElo "2211"]
[PlyCount "206"]
[EventDate "2001.02.12"]

1. e4 e5 2. Nf3 Nc6 3. d4 exd4 4. Nxd4 Nf6 5. Nc3 Bb4 6. Nxc6 bxc6 7. Bd3 d5 8.
exd5 cxd5 9. O-O O-O 10. Bg5 c6 11. Qf3 h6 12. Bxf6 Qxf6 13. Qxf6 gxf6 14. Ne2
Bd6 15. Ng3 Rb8 16. Rab1 c5 17. b3 Be5 18. Rbd1 Rd8 19. Kh1 Kf8 20. f4 Bc7 21.
c4 Bg4 22. Rc1 dxc4 23. Bxc4 Rd4 24. h3 Bc8 25. Rcd1 Be6 26. Bxe6 fxe6 27. Ne2
Rd5 28. Rc1 Rd2 29. Nc3 Rb4 30. g3 h5 31. h4 e5 32. Rfd1 Rbd4 33. Rxd2 Rxd2 34.
f5 Ke7 35. Ne4 Rxa2 36. Rxc5 Bd8 37. Rc6 Kf7 38. Rd6 Be7 39. Rd2 Ra1+ 40. Kg2
Rb1 41. Rd3 Rb2+ 42. Kf3 a5 43. Rc3 Rb1 44. Ke2 a4 45. bxa4 Rb4 46. Nd2 Rxa4
47. Rc4 Rxc4 48. Nxc4 Bc5 49. Nd2 Bb4 50. Ne4 Ke7 51. Kd3 Be1 52. Ke3 Bb4 53.
Kf3 Kf7 54. g4 hxg4+ 55. Kxg4 Kg7 56. Kh3 Be7 57. Nf2 Kh6 58. Ng4+ Kh5 59. Ne3
Bf8 60. Nd5 Bg7 61. Kg3 Bh8 62. Nc7 Bg7 63. Ne8 Bh8 64. Nd6 Bg7 65. Ne4 Bh8 66.
Kh3 Bg7 67. Ng3+ Kh6 68. Kg4 Bf8 69. Ne4 Be7 70. h5 Kg7 71. Kh3 Ba3 72. Nf2 Bc1
73. Ng4 Bg5 74. Kg3 Bf4+ 75. Kf3 Bg5 76. Ke4 Bc1 77. Kd5 Bg5 78. Kc4 Bc1 79.
Kc5 Bg5 80. Kd5 Bh4 81. h6+ Kh7 82. Ke6 e4 83. Kd5 e3 84. Nxe3 Kxh6 85. Ke6 Kg7
86. Ke7 Bf2 87. Nd5 Bd4 88. Nf4 Kh6 89. Ke6 Kg5 90. Nd5 Be5 91. Nb6 Bb2 92. Nd7
Bc3 93. Nf8 Kh6 94. Nd7 Kg5 95. Nc5 Kf4 96. Nb7 Bb2 97. Nd6 Bc3 98. Nc4 Bd4 99.
Na5 Bc3 100. Nb3 Bb2 101. Nc5 Bc3 102. Nd7 Kg5 103. Nf8 Kh6 1/2-1/2

[Event "Helsinki Chess Circuit"]
[Site "?"]
[Date "2001.02.16"]
[Round "5"]
[White "Keskinen, Sauli"]
[Black "Pirttimaeki, Timo"]
[Result "0-1"]
[WhiteElo "2252"]
[BlackElo "2257"]
[PlyCount "92"]
[EventDate "2001.02.12"]

1. e4 c5 2. Nc3 Nc6 3. g3 g6 4. Bg2 Bg7 5. d3 e5 6. Be3 d6 7. Qd2 Nge7 8. Bh6
O-O 9. h4 f6 10. Bxg7 Kxg7 11. f4 Bg4 12. Bh3 Qd7 13. Nd1 Bxh3 14. Rxh3 d5 15.
Nf2 h5 16. O-O-O b5 17. g4 hxg4 18. Rg3 dxe4 19. Nxg4 e3 20. Qxe3 Nf5 21. Qf2
Qd4 22. Rf3 Qxf2 23. Rxf2 Nxh4 24. Re1 Rae8 25. fxe5 f5 26. Nf6 Rxe5 27. Rxe5
Nxe5 28. Nd5 Rf7 29. Nh3 Nef3 30. Nhf4 g5 31. Ne6+ Kh6 32. Nxc5 f4 33. Ne6 Rf5
34. c4 Ne5 35. Kc2 bxc4 36. dxc4 f3 37. Ne3 Rf6 38. Nc5 Rf4 39. Nd3 Nxd3 40.
Kxd3 g4 41. Nf1 Nf5 42. c5 Kg5 43. Nd2 Rd4+ 44. Kc2 Kf4 45. c6 Ke3 46. c7 Ne7
0-1

[Event "Helsinki Chess Circuit"]
[Site "?"]
[Date "2001.02.16"]
[Round "5"]
[White "Nyysti, Sampsa"]
[Black "Sarakauskas, Gediminas"]
[Result "0-1"]
[WhiteElo "2284"]
[BlackElo "2408"]
[PlyCount "62"]
[EventDate "2001.02.12"]

1. e4 e6 2. d3 d5 3. Qe2 Nf6 4. Nf3 Be7 5. g3 b5 6. e5 Nfd7 7. Bg2 c5 8. c3 Nc6
9. O-O a5 10. h4 h6 11. h5 a4 12. Bf4 c4 13. Ne1 O-O 14. Nd2 a3 15. b4 cxb3 16.
Nxb3 f6 17. d4 fxe5 18. Bxe5 Ndxe5 19. dxe5 b4 20. c4 Ba6 21. Qg4 dxc4 22.
Qxe6+ Kh8 23. Bxc6 cxb3 24. Be4 Qe8 25. axb3 Bxf1 26. Bxa8 Rxf2 27. Qb6 Rf8 28.
Bf3 Bh3 29. Kh2 Bf5 30. Qd4 Qd8 31. Qe3 Bg5 0-1

[Event "Helsinki Chess Circuit ELO"]
[Site "?"]
[Date "2001.02.16"]
[Round "5"]
[White "Ciuksyte, Zivile"]
[Black "Lardot, Derik"]
[Result "1-0"]
[WhiteElo "2098"]
[BlackElo "2054"]
[PlyCount "67"]
[EventDate "2001.02.12"]

1. e4 e5 2. Nf3 Nc6 3. d4 exd4 4. Bc4 Nf6 5. e5 Ne4 6. Bd5 Bb4+ 7. Kf1 f5 8.
Nxd4 Nxd4 9. Bxe4 Ne6 10. Bxf5 Qh4 11. g3 Qc4+ 12. Bd3 Qc6 13. Qh5+ Kd8 14. Rg1
h6 15. Nd2 d5 16. exd6 cxd6 17. Qh4+ Ng5 18. Ne4 Bh3+ 19. Ke2 Bg4+ 20. Qxg4
Nxe4 21. Bxe4 Qc4+ 22. Kf3 Rf8+ 23. Kg2 Kc7 24. Be3 Rae8 25. Bf3 Qf7 26. a3 Bc5
27. Bxc5 dxc5 28. Rge1 Rd8 29. Rad1 g6 30. Rxd8 Kxd8 31. Qe4 Kc8 32. Qe6+ Kc7
33. Qxf7+ Rxf7 34. Re6 1-0

[Event "Helsinki Chess Circuit ELO"]
[Site "?"]
[Date "2001.02.16"]
[Round "5"]
[White "Myllyniemi, Martti"]
[Black "Tuovinen, Jukka"]
[Result "0-1"]
[WhiteElo "2155"]
[BlackElo "2000"]
[PlyCount "98"]
[EventDate "2001.02.12"]

1. d4 Nf6 2. c4 e6 3. Nf3 b6 4. a3 Bb7 5. Bg5 d5 6. Nc3 Be7 7. e3 O-O 8. Bd3
Nbd7 9. cxd5 Nxd5 10. Bxe7 Qxe7 11. O-O Nxc3 12. bxc3 c5 13. Re1 cxd4 14. cxd4
Rac8 15. e4 Rc3 16. a4 Rfc8 17. h3 Qb4 18. Qd2 Qb3 19. Re3 Nf6 20. a5 b5 21. a6
Bxe4 22. Rb1 Qa3 23. Bxe4 Rxe3 24. Bxh7+ Kxh7 25. Qxe3 Qxe3 26. fxe3 Rb8 27.
Ne5 Nd5 28. Nxf7 Rb6 29. Rb3 Nc7 30. e4 Rxa6 31. d5 exd5 32. exd5 Rf6 33. Ng5+
Kg6 34. Ne4 Rb6 35. d6 Ne6 36. d7 a5 37. Rc3 Kf7 38. Ng5+ Ke7 39. Nxe6 Rxe6 40.
Rc7 g6 41. Rb7 b4 42. Kf2 Rd6 43. Rb5 Rd2+ 44. Ke1 Ra2 45. Rb7 Rxg2 46. Ra7 b3
47. Rb7 b2 48. Kd1 b1=Q+ 49. Rxb1 Rg1+ 0-1

[Event "Helsinki Chess Circuit ELO"]
[Site "?"]
[Date "2001.02.16"]
[Round "5"]
[White "Turtiainen, Tauno"]
[Black "Lako, Mika"]
[Result "0-1"]
[WhiteElo "2000"]
[BlackElo "2174"]
[PlyCount "98"]
[EventDate "2001.02.12"]

1. e4 c5 2. Nf3 Nc6 3. d4 cxd4 4. Nxd4 Nf6 5. Nc3 d6 6. f3 e5 7. Nb3 Be7 8. Be3
a5 9. Bb5 O-O 10. O-O Be6 11. Nd5 Bxd5 12. exd5 Na7 13. Be2 a4 14. Nc1 Qa5 15.
c4 b5 16. Qd2 Qxd2 17. Bxd2 bxc4 18. Bxc4 Nc8 19. Be3 Bd8 20. Ne2 Bb6 21. Kf2
Bxe3+ 22. Kxe3 Nb6 23. b3 Nbxd5+ 24. Bxd5 Nxd5+ 25. Kf2 axb3 26. axb3 Nb4 27.
Ra4 Rab8 28. Rd1 d5 29. Nc3 Rfd8 30. Ra5 d4 31. Ne4 Rd5 32. Rxd5 Nxd5 33. Nc5
Rc8 34. Nd3 f6 35. b4 Rc2+ 36. Kg3 Ne3 37. Rb1 Rxg2+ 38. Kh3 Rd2 39. b5 Nd5 40.
Nb4 Nxb4 41. Rxb4 Rc2 42. b6 Rc8 43. f4 Kf7 44. fxe5 fxe5 45. Kg4 Ke6 46. b7
Rb8 47. Rb6+ Kd5 48. h4 Kc5 49. Rb1 Kc6 0-1

[Event "Helsinki Chess Circuit"]
[Site "?"]
[Date "2001.02.17"]
[Round "6"]
[White "Molander, Riku"]
[Black "Norri, Joose"]
[Result "0-1"]
[WhiteElo "2314"]
[BlackElo "2398"]
[PlyCount "110"]
[EventDate "2001.02.12"]

1. e4 e5 2. Nf3 Nc6 3. Nc3 Nf6 4. d4 exd4 5. Nxd4 Bb4 6. Nxc6 bxc6 7. Bd3 d5 8.
exd5 Qe7+ 9. Qe2 cxd5 10. Bb5+ Bd7 11. Bxd7+ Nxd7 12. Qxe7+ Kxe7 13. Bd2 Nb6
14. O-O-O c6 15. Rhe1+ Kd7 16. Ne4 Bxd2+ 17. Nxd2 Rae8 18. c4 Re6 19. Rxe6 fxe6
20. c5 Na4 21. Nb3 e5 22. f4 Re8 23. fxe5 Rxe5 24. Rd4 Re4 25. Rxe4 dxe4 26.
Kd2 Ke6 27. Na5 Kd5 28. b4 Nb2 29. Kc3 e3 30. a3 a6 31. Nb3 Nc4 32. Kd3 Nxa3
33. Nc1 Nc4 34. Ne2 Ne5+ 35. Kxe3 Ng4+ 36. Kd3 Nxh2 37. Nc3+ Ke5 38. Kc4 Ng4
39. Nd1 h5 40. Kb3 Kf4 41. Ka4 Kg3 42. Ka5 Kxg2 43. Kxa6 h4 44. b5 Ne5 45. Ne3+
Kf3 46. Nc4 Nd7 47. bxc6 Nxc5+ 48. Kb6 Ne6 49. Ne5+ Kg3 50. Nf7 h3 51. Ng5 Nf4
52. Nxh3 Kxh3 53. Kc5 Ne6+ 54. Kd5 Nc7+ 55. Kd6 Na6 0-1

[Event "Helsinki Chess Circuit"]
[Site "?"]
[Date "2001.02.17"]
[Round "6"]
[White "Pirttimaeki, Timo"]
[Black "Nyysti, Sampsa"]
[Result "0-1"]
[WhiteElo "2257"]
[BlackElo "2284"]
[PlyCount "66"]
[EventDate "2001.02.12"]

1. d4 Nf6 2. c4 e6 3. Nc3 Bb4 4. e3 b6 5. Nge2 c5 6. a3 Ba5 7. Bd2 Ba6 8. b3
Nc6 9. Nf4 Bxc3 10. Bxc3 cxd4 11. exd4 Ne4 12. Bb2 d5 13. Qc2 Bb7 14. cxd5 exd5
15. Ba6 Na5 16. Bxb7 Nxb7 17. Qc6+ Qd7 18. Qxd5 Qxd5 19. Nxd5 Kd7 20. f3 Ned6
21. Rb1 Na5 22. Bc3 Nc6 23. a4 Nf5 24. Kf2 Kd6 25. Nf4 Rac8 26. Rhd1 Rhe8 27.
Rd3 a5 28. Re1 Nb4 29. Bxb4+ axb4 30. Rxe8 Rxe8 31. g4 Ne7 32. Nh5 Rc8 33. Nxg7
Rc2+ 0-1

[Event "Helsinki Chess Circuit"]
[Site "?"]
[Date "2001.02.17"]
[Round "6"]
[White "Van Hoolandt, Patrick"]
[Black "Keskinen, Sauli"]
[Result "1-0"]
[WhiteElo "2211"]
[BlackElo "2252"]
[PlyCount "80"]
[EventDate "2001.02.12"]

1. c4 f5 2. g3 Nf6 3. Bg2 g6 4. Nc3 Bg7 5. d4 O-O 6. Nh3 d6 7. d5 c6 8. O-O e5
9. dxe6 Bxe6 10. Qd3 Na6 11. Ng5 Re8 12. Bf4 h6 13. Nxe6 Rxe6 14. Rad1 Qb6 15.
Bxd6 Ng4 16. Na4 Qa5 17. Qc2 Rae8 18. e3 Kh7 19. a3 Nf6 20. b4 Qd8 21. Bc5 Qb8
22. Bd4 b6 23. b5 cxb5 24. cxb5 Nc7 25. Bc6 R8e7 26. Nc3 h5 27. h4 Bh6 28. Bxf6
Rxf6 29. Kg2 Qc8 30. Rd2 f4 31. exf4 Rxf4 32. Rfd1 Rc4 33. Rd7 Rg7 34. R1d6 Rg4
35. f3 Ne8 36. fxg4 Nxd6 37. Rxd6 Qxg4 38. Qe4 Qc8 39. Nd5 Qf8 40. Nf6+ Kh8 1-0

[Event "Helsinki Chess Circuit"]
[Site "?"]
[Date "2001.02.17"]
[Round "6"]
[White "Bergstroem, Rolf"]
[Black "Kiik, Kalle"]
[Result "1/2-1/2"]
[WhiteElo "2308"]
[BlackElo "2450"]
[PlyCount "88"]
[EventDate "2001.02.12"]

1. e4 c5 2. c3 d5 3. exd5 Qxd5 4. d4 cxd4 5. cxd4 Nc6 6. Nf3 e5 7. Nc3 Bb4 8.
Bd2 Bxc3 9. Bxc3 e4 10. Ne5 Nxe5 11. dxe5 Ne7 12. Be2 O-O 13. O-O Qe6 14. Qd2
Bd7 15. Rfd1 Bc6 16. Qg5 h6 17. Qg3 Nd5 18. Bd4 Rfd8 19. Bc4 Nf4 20. Bxe6 Ne2+
21. Kf1 Nxg3+ 22. hxg3 fxe6 23. Ke2 Kf7 24. Ke3 h5 25. Bc5 Rd5 26. Rxd5 Bxd5
27. Bd4 g5 28. Rc1 Bc6 29. a3 Kg6 30. Rh1 a6 31. Rh3 Rd8 32. Rh1 Rh8 33. Bc3
Kf5 34. Bd4 Kg4 35. Bc3 Rd8 36. Bd4 Rd7 37. Rg1 a5 38. Rc1 h4 39. gxh4 gxh4 40.
Rh1 Rh7 41. Bc3 a4 42. Bd4 Bd5 43. Bc3 Rf7 44. Ba5 Rf8 1/2-1/2

[Event "Helsinki Chess Circuit"]
[Site "?"]
[Date "2001.02.17"]
[Round "6"]
[White "Luukkonen, Tommi"]
[Black "Nybaeck, Tomi"]
[Result "1-0"]
[WhiteElo "2158"]
[BlackElo "2211"]
[PlyCount "115"]
[EventDate "2001.02.12"]

1. e4 c5 2. Nf3 Nc6 3. d4 cxd4 4. Nxd4 e5 5. Nb5 d6 6. c4 Be7 7. N1c3 a6 8. Na3
Be6 9. Nc2 Rc8 10. b3 Nf6 11. Be2 O-O 12. O-O b5 13. cxb5 axb5 14. Qd3 d5 15.
exd5 Nxd5 16. Nxd5 Bxd5 17. Rd1 Be6 18. Qxb5 Qc7 19. Be3 Rb8 20. Qa4 Ra8 21.
Qb5 Rfb8 22. Qd3 Qc8 23. Bf3 f5 24. Bd5 f4 25. Qc4 Bxd5 26. Rxd5 Kh8 27. Bc5
Na5 28. Qc3 Nb7 29. b4 Qc6 30. Rad1 Bf6 31. Qc4 Qe6 32. a3 Qg4 33. Qe4 Rd8 34.
f3 Qe6 35. Bf2 Rac8 36. Rxd8+ Nxd8 37. Bc5 Qb3 38. Qd3 Qf7 39. Qd7 Qxd7 40.
Rxd7 Ne6 41. Rd5 Kg8 42. Kf2 Kf7 43. Ke2 Be7 44. Rxe5 Nxc5 45. bxc5 Bxc5 46.
Rf5+ Kg8 47. Kd3 Bd6 48. Rd5 Be7 49. a4 Bf6 50. a5 Rc3+ 51. Kd2 Rc4 52. Rd3 Be7
53. Rd7 Kf7 54. Kd3 Rc8 55. Nd4 Ke8 56. Rb7 Bf6 57. Nb5 Rc6 58. a6 1-0

[Event "Helsinki Chess Circuit ELO"]
[Site "?"]
[Date "2001.02.17"]
[Round "6"]
[White "Lardot, Derik"]
[Black "Lako, Mika"]
[Result "1/2-1/2"]
[WhiteElo "2054"]
[BlackElo "2174"]
[PlyCount "82"]
[EventDate "2001.02.12"]

1. e4 c5 2. c3 Nf6 3. e5 Nd5 4. d4 cxd4 5. cxd4 e6 6. Nc3 Nxc3 7. bxc3 Qc7 8.
Bd2 b6 9. f4 Bb7 10. Nf3 d6 11. Bd3 g6 12. Qe2 d5 13. O-O Nc6 14. g4 h5 15. h3
hxg4 16. hxg4 Ba3 17. Kg2 O-O-O 18. Rab1 Na5 19. Rh1 Rdg8 20. Rxh8 Rxh8 21. Rh1
Rxh1 22. Kxh1 Nc4 23. Be1 Be7 24. Kg2 b5 25. Kg3 Bc6 26. Qc2 Bd7 27. Qh2 Qd8
28. Qh7 Qf8 29. f5 gxf5 30. gxf5 exf5 31. Bxf5 Be6 32. Kf4 Ba3 33. Kg3 Bc1 34.
Kf2 Qh6 35. Bxe6+ Qxe6 36. Qg8+ Kb7 37. Ke2 Qf5 38. Kf2 Ne3 39. Ke2 Nc4 40. Kf2
Ne3 41. Ke2 Nc4 1/2-1/2

[Event "Helsinki Chess Circuit ELO"]
[Site "?"]
[Date "2001.02.17"]
[Round "6"]
[White "Turtiainen, Tauno"]
[Black "Tuovinen, Jukka"]
[Result "0-1"]
[WhiteElo "2000"]
[BlackElo "2000"]
[PlyCount "86"]
[EventDate "2001.02.12"]

1. e4 e5 2. Nf3 Nc6 3. Nc3 g6 4. d4 exd4 5. Nxd4 Bg7 6. Be3 d6 7. Be2 Nf6 8. f4
Qe7 9. Bf3 h5 10. Nxc6 bxc6 11. Qd3 Ng4 12. Bg1 O-O 13. O-O-O Bh6 14. g3 Ne5
15. Qe2 Nxf3 16. Qxf3 Bg4 17. Qd3 Bxd1 18. Qxd1 Bg7 19. Bd4 Bxd4 20. Qxd4 Rfc8
21. g4 Qh4 22. gxh5 Qxf4+ 23. Kb1 Qf3 24. Rg1 Qxh5 25. Qf2 Qc5 26. Qf1 Re8 27.
h4 Re5 28. Rg4 Rb8 29. Qf6 Re6 30. Rxg6+ fxg6 31. Qxe6+ Kg7 32. Qe7+ Kh6 33.
Nd1 Qd4 34. Kc1 Qg7 35. Qg5+ Kh7 36. Qa5 Qh6+ 37. Kb1 Rb7 38. a4 Qh5 39. Qd2
Qxh4 40. Nc3 Rb8 41. Qd4 Qe1+ 42. Ka2 Qc1 43. Nd1 Qxc2 0-1

[Event "Helsinki Chess Circuit ELO"]
[Site "?"]
[Date "2001.02.17"]
[Round "6"]
[White "Myllyniemi, Martti"]
[Black "Ciuksyte, Zivile"]
[Result "1-0"]
[WhiteElo "2155"]
[BlackElo "2098"]
[PlyCount "81"]
[EventDate "2001.02.12"]

1. d4 d5 2. c4 dxc4 3. Nc3 e5 4. e3 exd4 5. exd4 Bb4 6. Bxc4 Nf6 7. Nge2 O-O 8.
O-O c6 9. Bg5 Bxc3 10. Nxc3 Qd6 11. Bh4 Bg4 12. Qd3 Nbd7 13. a4 Nb6 14. Bb3
Nbd5 15. Rfe1 Rfe8 16. Bg3 Qd7 17. Be5 Bf5 18. Qd2 Bg6 19. h3 h6 20. a5 Kh7 21.
Rad1 Nxc3 22. bxc3 Ne4 23. Qb2 f6 24. Bh2 Nd6 25. Qa3 Nb5 26. Qb2 Nc7 27. Bc2
Bxc2 28. Qxc2+ g6 29. Bg3 Nb5 30. Re3 Nd6 31. Bxd6 Qxd6 32. Rde1 Rxe3 33. Rxe3
b6 34. Qe2 Kg7 35. Re7+ Kf8 36. Re6 Qf4 37. g3 Qc1+ 38. Kg2 Qg5 39. c4 bxa5 40.
Qf3 Qf5 41. Rxf6+ 1-0

[Event "Helsinki Chess Circuit"]
[Site "?"]
[Date "2001.02.18"]
[Round "7"]
[White "Nybaeck, Tomi"]
[Black "Molander, Riku"]
[Result "1/2-1/2"]
[WhiteElo "2211"]
[BlackElo "2314"]
[PlyCount "150"]
[EventDate "2001.02.12"]

1. Nf3 f5 2. c4 Nf6 3. Nc3 g6 4. e4 fxe4 5. Ng5 Nc6 6. Ngxe4 Nxe4 7. Nxe4 Bg7
8. g3 O-O 9. Bg2 d6 10. O-O Nd4 11. d3 Bd7 12. Be3 a5 13. h4 Qc8 14. h5 Bh3 15.
Bxd4 Bxd4 16. hxg6 hxg6 17. Qd2 Qg4 18. Qh6 Bxg2 19. Ng5 Qh5 20. Qxh5 gxh5 21.
Kxg2 Rf6 22. Rae1 e5 23. Re2 Raf8 24. f3 Rg6 25. Ne4 c6 26. b3 Rf7 27. Rh1 Rfg7
28. Rh3 d5 29. Nd2 Rg5 30. Nf1 Bb6 31. Kh1 Bc7 32. Reh2 Rf7 33. Kg2 Rh7 34. Rh1
Bd8 35. g4 e4 36. Rxh5 Rhxh5 37. Rxh5 Rxh5 38. gxh5 exd3 39. cxd5 cxd5 40. Kf2
Bg5 41. Ne3 d2 42. Nd1 Kg7 43. Ke2 Kf6 44. Nf2 Kf5 45. Nd3 Be3 46. Nb2 Bh6 47.
Na4 Ke5 48. Nc3 Kd4 49. Nd1 b5 50. Nf2 Kc3 51. Kd1 Bg7 52. f4 Kb2 53. Kxd2 Kxa2
54. Kc2 b4 55. Nd3 Ka3 56. Nc5 d4 57. f5 Bf8 58. Nd3 a4 59. f6 axb3+ 60. Kb1 b2
61. Nxb2 Kb3 62. Nd1 d3 63. Nb2 d2 64. Nd1 Bh6 65. Nb2 Kc3 66. Nd1+ Kb3 67. Nb2
Bg5 68. f7 Bh6 69. Nd1 Bg7 70. Ne3 Kc3 71. Nd1+ Kd3 72. Nb2+ Ke2 73. Kc2 Bxb2
74. f8=Q d1=Q+ 75. Kxb2 Qd4+ 1/2-1/2

[Event "Helsinki Chess Circuit"]
[Site "?"]
[Date "2001.02.18"]
[Round "7"]
[White "Kiik, Kalle"]
[Black "Luukkonen, Tommi"]
[Result "1-0"]
[WhiteElo "2450"]
[BlackElo "2158"]
[PlyCount "77"]
[EventDate "2001.02.12"]

1. Nf3 Nf6 2. g3 g6 3. b3 Bg7 4. Bb2 d6 5. d4 b5 6. Bg2 Bb7 7. O-O Nfd7 8. Re1
c5 9. e4 O-O 10. c3 a5 11. a3 a4 12. b4 Nc6 13. Nbd2 Qb6 14. Nf1 Rad8 15. Qd2
e6 16. Rad1 Ne7 17. Qe2 e5 18. d5 h6 19. Nh4 f5 20. Bc1 Nf6 21. bxc5 Qxc5 22.
Be3 Qc8 23. exf5 gxf5 24. Qxb5 f4 25. Bb6 Rde8 26. c4 Qg4 27. Qb4 e4 28. Bd4 f3
29. Ne3 Qd7 30. Bf1 Nh5 31. Bxg7 Kxg7 32. Qb5 Qc8 33. Rb1 Ba6 34. Qb2+ Kh7 35.
Qd4 Ng8 36. Rb6 Rf6 37. Rc6 Qb7 38. Bh3 Ne7 39. Qxe4+ 1-0

[Event "Helsinki Chess Circuit"]
[Site "?"]
[Date "2001.02.18"]
[Round "7"]
[White "Keskinen, Sauli"]
[Black "Bergstroem, Rolf"]
[Result "0-1"]
[WhiteElo "2252"]
[BlackElo "2308"]
[PlyCount "73"]
[EventDate "2001.02.12"]

1. e4 d6 2. Nc3 e5 3. g3 g6 4. Bg2 Bg7 5. d3 Ne7 6. Be3 Be6 7. Qd2 h6 8. h4
Nbc6 9. h5 g5 10. Nd5 Nd4 11. c3 Ndf5 12. exf5 Bxd5 13. Bxd5 Nxd5 14. g4 Qd7
15. O-O-O Qa4 16. d4 Qxa2 17. dxe5 Qa1+ 18. Kc2 Qa4+ 19. Kc1 Nxe3 20. Qxe3 Bxe5
21. Rd4 Qc6 22. Re4 O-O-O 23. Ne2 Bf6 24. Rd1 Rhe8 25. f3 Rxe4 26. fxe4 Re8 27.
Ng3 Be5 28. Ne2 Bf6 29. Ng3 Qa4 30. Qd3 Qa1+ 31. Kc2 Qa4+ 32. Kb1 Re5 33. Re1
Ra5 34. Re3 Bxc3 35. bxc3 Qb3+ 36. Kc1 Ra1+ 37. Kd2 0-1

[Event "Helsinki Chess Circuit"]
[Site "?"]
[Date "2001.02.18"]
[Round "7"]
[White "Nyysti, Sampsa"]
[Black "Van Hoolandt, Patrick"]
[Result "1-0"]
[WhiteElo "2284"]
[BlackElo "2211"]
[PlyCount "103"]
[EventDate "2001.02.12"]

1. e4 e5 2. Nf3 Nc6 3. Nc3 Nf6 4. g3 d5 5. exd5 Nxd5 6. Bg2 Nxc3 7. bxc3 Bc5 8.
O-O O-O 9. d3 Bg4 10. h3 Bh5 11. Qe2 Re8 12. a4 Qd7 13. g4 Bg6 14. Nh4 Rab8 15.
Be3 Bb6 16. Rab1 Nd8 17. Bxb6 axb6 18. Rb5 Ne6 19. Qxe5 Nc5 20. Qd4 Qxd4 21.
cxd4 Nxa4 22. f4 Nc3 23. Rb4 f6 24. Nxg6 hxg6 25. Rc4 Ne2+ 26. Kh2 c6 27. d5 g5
28. fxg5 fxg5 29. Rf5 b5 30. Rc5 Nf4 31. Be4 cxd5 32. Bxd5+ Nxd5 33. Rcxd5 Re2+
34. Kg3 Rbe8 35. Rxg5 Rxc2 36. Rd7 Re3+ 37. Kf4 Rxh3 38. Rgxg7+ Kf8 39. Rdf7+
Ke8 40. Rxb7 Kf8 41. Rgd7 Ke8 42. d4 b4 43. Rg7 Kf8 44. d5 b3 45. Rgd7 Rc4+ 46.
Kg5 Ke8 47. Rg7 Kf8 48. Rbf7+ Ke8 49. d6 Rh8 50. Rc7 Kf8 51. Rgf7+ Kg8 52. Rfd7
1-0